Carrie Underwood Filmography - Statistics

General Stats
  • This quiz has been taken 16 times
    4 since last reset
  • The average score is 6 of 94
Answer Stats
Type Year Name % Correct
TV Show 2005, 2016, 2018, 2022, 2025 American Idol
75%
Video Game 2007 Karaoke Revolution Presents: American Idol
75%
TV Special 2013 The Sound of Music Live!
75%
Award Show 2008 42nd Annual CMA Awards
25%
Award Show 2009 43rd Annual CMA Awards
25%
Award Show 2010 44th Annual CMA Awards
25%
Award Show 2011 45th Annual CMA Awards
25%
Award Show 2012 46th Annual CMA Awards
25%
Award Show 2016 50th Annual CMA Awards
25%
Award Show 2017 51st Annual CMA Awards
25%
Award Show 2018 52nd Annual CMA Awards
25%
TV Show 2011 Blue Bloods
25%
TV Special 2013 Carrie Underwood: The Blown Away Tour Live
25%
TV Special 2011 Girls' Night Out: Superstar Women of Country
25%
TV Show 2021-2024 Grand Ole Opry
25%
TV Special 2020 My Gift: A Christmas Special from Carrie Underwood
25%
TV Show 2013-Present NBC Sunday Night Football
25%
TV Show 2007, 2008 Saturday Night Live
25%
Film 2011 Soul Surfer
25%
Documentary Seres 2012 20/20
0%
Award Show 2019 53rd Annual CMA Awards
0%
TV Special 2020 ACM Presents: Our Country
0%
TV Documentary 2018 Alan Jackson: Small Town Southern Man
0%
TV Special 2011 All Together Now: A Celebration of Service
0%
Commercial 2014-2016 Almay
0%
TV Special 2014 AMC Presents: An All-Star Salute to the Troops
0%
TV Special 2010 AMC Presents: Brooks & Dunn - The Last Rodeo
0%
Short TV Documentary 2010 American Idol: Welcome Home
0%
Documentary 2014 America's Sweethearts: Queens of Nashville
0%
TV Special 2018 BBC Radio 2 Live in Hyde Park
0%
Documentary Series 2012 Behind the Music
0%
Documentary Series 2009 Biography
0%
Commercial 2021 BODYARMOR
0%
TV Special 2019 Brad Paisley Thinks He's Special
0%
Commercial 2020-2021 CALIA
0%
TV Show 2005 Canadian Idol
0%
TV Special 2021 Carols in the Domain
0%
Documentary 2012 Carrie Underwood: All American Girl
0%
TV Special 2009 Carrie Underwood: An All-Star Holiday Special
0%
TV Special 2022 Carrie Underwood LIVE
0%
TV Special 2008 Carrie Underwood: My Road to the Opry
0%
Web Special 2025 Carrie Underwood: Reflection
0%
Documentary 2025 Carrie Underwood: Southern Grace
0%
TV Special 2005, 2007, 2021 Christmas in Rockefeller Center
0%
TV Special 2005 Christmas in Washington
0%
TV Special 2021 CMA Country Christmas
0%
TV Show 2012 CMT Crossroads
0%
Documentary Series 2022 CMT Giants
0%
TV Show 2009 CMT Invitation Only
0%
Web Series 2021 Cobra Kai
0%
Documentary 2023 CsMA Fest: 50 Years of Fan Fair
0%
TV Show 2011 Dancing with the Stars
0%
TV Special 2019 Dolly Parton: Here She Comes Again!
0%
TV Special 2019 Elvis All-Star Tribute
0%
Documentary Series 2005 E! True Hollywood Story
0%
TV Show 2010 Extreme Makeover: Home Edition
0%
TV Special 2007, 2008 Fashion Rocks
0%
Commercial 2005 Ford / Pepsi
0%
TV Special 2012 FOX 25th Anniversary Special
0%
TV Special 2017 Grammy's Greatest Stories: A 60th Anniversary Special
0%
TV Special 2021 Grand Ole Opry: 95 Years of Country Music
0%
Commercial 2005 Hershey's
0%
TV Show 2010 How I Met Your Mother
0%
TV Special 2005 In the Moment: Carrie Underwood
0%
TV Show 2019 Live with Kelly and Ryan
0%
TV Special 2017 Living Every Day: Luke Bryan
0%
TV Special 2012 MDA Show of Strength
0%
Documentary Series 2020 Mike and Carrie: God & Country
0%
Documentary 2019 Miranda Lambert: For the Record
0%
TV Special 2007 Movies Rock
0%
TV Show 2013, 2014 Nashville
0%
TV Special 2024 Nate Bargatze's Nashville Christmas
0%
Commercial 2012 Olay's 'Complete' Facial Cleansers
0%
TV Special 2025 Opry 100: A Live Celebration
0%
Film 2016 Popstar: Never Stop Never Stopping
0%
TV Show 2015 Project Runway
0%
Commercial 2020 Ring
0%
TV Special 2014, 2022, 2023 Rock & Roll Hall of Fame Induction Ceremony
0%
TV Show 2009 Sesame Street
0%
TV Special 2015 Sinatra 100: An All-Star Grammy Concert
0%
TV Special 2016 Smoky Mountains Rise: A Benefit for the My People Fund
0%
Documentary Series 2013 Song by Song
0%
TV Special 2008 Stand Up to Cancer
0%
TV Show 2016, 2017, 2022 Talking Dead
0%
TV Special 2009 The 3rd Annual CNN Heroes: An All-Star Tribute
0%
Documentary Series 2010 The Buried Life
0%
TV Special 2014 The Concert for Valor
0%
TV Special 2006, 2019 The Kennedy Center Honors: A Celebration of the Performing Arts
0%
TV Show 2021 The Masked Singer
0%
TV Show 2021 The Voice
0%
TV Special 2024 Toby Keith: American Icon
0%
TV Special 2012 Tony Bennett: Duets II
0%
Documentary 2022 Truelove: The Film
0%
Short Documentary 2012 Zendaya: Behind the Scenes
0%
No matching quizzes found
Score Distribution
Percent of People with Each Score
Percentile by Number Answered
Your Score History
You have not taken this quiz since the last reset